Loreto College Library, Kolkata
WEBOPAC (ONLINE PUBLIC ACCESS CATALOGUE)

Coleridge (Record no. 6026)

MARC details
000 -LEADER
fixed length control field 00573nam a2200193Ia 4500
005 - DATE AND TIME OF LATEST TRANSACTION
control field 20221115125818.0
008 - FIXED-LENGTH DATA ELEMENTS--GENERAL INFORMATION
fixed length control field 131103s9999 xx 000 0 und d
040 ## - CATALOGING SOURCE
Original cataloging agency Loreto College
041 ## - LANGUAGE CODE
Language code English
082 ## - DDC | ডিউই
Classification number | বর্গসংখ্যা 821.7
Book Number | গ্রন্থাঙ্ক COL-COB
245 ## - TITLE STATEMENT | অাখ্যা বিবরণী
Title | অাখ্যা Coleridge
Sub title | উপঅাখ্যা a collection of critical essays
Statement of responsibility | লেখকের দায়িত্বের বিবরণ edited by Kathleen Coburn
260 ## - IMPRINT | প্রকাশনা ক্ষেত্র
Place of publication | প্রকাশ স্থান English Cliffs
Name of publisher | প্রকাশকের নাম Prentice - Hall
Date of publication | প্রকাশ কাল 1967
300 ## - PHYSICAL DESCRIPTION |
Page / Vol. No | পৃষ্ঠা / খন্ড সংখ্যা vi,186 p.
504 ## - BIBLIOGRAPHY, ETC. NOTE
Bibliography, etc Includes bibliographical references
650 ## - SUBJECT ADDED ENTRY--TOPICAL TERM | বিষয় শিরোনাম - মূল বিষয়
Topical term | মূল বিষয় Coleridge,Samuel Taylor,1772 - 1834
700 ## - ADDED ENTRY--PERSONAL NAME | অতিরিক্ত সংলেখ - ব্
Personal name | ব্যাক্তিনাম Coburn,Kathleen ed.
850 ## - HOLDING INSTITUTION
Holding institution LCLIB
942 ## - ADDED ENTRY ELEMENTS (KOHA)
Koha item type Books
Holdings
Withdrawn status Lost status Source of classification Damaged status Not for loan Home library Current library Date acquired Total Checkouts Full call number Accession No. Date last seen Date checked out Price effective from Koha item type Coded location qualifier
    Dewey Decimal Classification     Loreto College Loreto College 04/11/2013 2 821.7 COL-COB 17956 B5895 09/09/2019 09/09/2019 04/11/2013 Books